000 00477nam a2200169Ia 4500
999 _c28133
_d28133
003 OSt
005 20210105095238.0
008 190216s9999||||xx |||||||||||||| ||und||
040 _coclc
082 _a894.8122
_bNAR/R
100 _aNarath, Padman
_98118
245 0 _aRamayanakili /
_cPadman Narath
260 _bPoorna Publication,
_aKozhikode:
_c1996.
300 _a70p
650 _aNadakam
942 _cBK
_2ddc
_h894.8122
_iNAR/R
_k894.8122
_m894.8122